| 000 | 00399nam a2200145Ia 4500 | ||
|---|---|---|---|
| 999 |
_c14952 _d14952 |
||
| 082 | _aTB.0109 | ||
| 100 | _aBihari, Swarnalekha | ||
| 245 | 0 | _aHuman resources for economic development with reference to India | |
| 260 |
_c1974 _bBanaras Hindu University |
||
| 300 | _a186 | ||
| 650 |
_aManpower _zIndia |
||
| 650 |
_aIndia _vEconomic conditions |
||
| 710 | _aChoudhury, Radharani | ||
| 942 |
_cTH _2ddc |
||